|
|
|
|
| LEADER |
00000nab a2200000 a 4500 |
| 001 |
vtls000105195 |
| 003 |
SK-MaSNL |
| 005 |
20260305011057.0 |
| 008 |
131118c1981 xo 0 slo |
| 015 |
|
|
|a SNBRB19rr/mm-uuuuu
|
| 035 |
|
|
|a CL0115298
|
| 040 |
|
|
|a SNKBUCL
|b slo
|c SNKBUCL
|e AACR2
|
| 041 |
0 |
|
|a slo
|
| 044 |
|
|
|a xo
|c SK
|
| 080 |
|
|
|a 82.09:894.545-3(048)
|2 1981
|
| 080 |
|
|
|a 894.545-3(048)
|2 1981
|
| 100 |
1 |
|
|a Farkašová, Etela,
|d 1943-
|4 aut
|9 100186
|
| 245 |
1 |
0 |
|a Enn Vetemaa: Rekviem pre ústnu harmoniku
|c Etela Farkašová ; Enn Vetemaa
|
| 650 |
0 |
7 |
|a romány malé
|2 snkbucl
|9 921117
|
| 650 |
0 |
7 |
|a sovietska literatúra
|2 snkbucl
|9 22300
|
| 655 |
|
7 |
|a články z novín a časopisov
|2 snkbucl
|9 267496
|
| 655 |
|
7 |
|a články z odboru literárna veda a krásna literatúra
|2 snkbucl
|9 770045
|
| 700 |
1 |
|
|a Vetemaa, Enn,
|d 1936-
|4 aut
|9 151088
|
| 773 |
0 |
|
|t Romboid
|g Roč. 16, č. 12 (1981), s. 86-88
|
| 787 |
0 |
8 |
|i Rec.:
|a Vetemaa, Enn
|t Rekviem pre ústnu harmoniku
|d Bratislava : Slovenský spisovateľ, 1980
|
| 850 |
|
|
|a Slovenská národná knižnica v Martine
|a MTA001
|
| 852 |
|
|
|a SNK
|b KIS3GCP
|
| 958 |
|
|
|a RK
|
| 958 |
|
|
|a LX
|
| 992 |
|
|
|a RBX
|
| 999 |
|
|
|c 3250608
|d 3252538
|